000 00622nam a2200193 a 4500
001 000034755
005 20200930073901.0
008 111019s1963 mx 000 0 spa d
040 _aDO-SdBNP
_bspa
_cBNPHU
082 _axxxx
_bP346e, 1963
100 1 _aPayot, Julio
_948192
245 1 3 _aLa educación de la voluntad /
_cJulio Payot ; presentación Alberto Casal Castel.
250 _a6a ed.
260 _aMéxico, :
_bEditorial Diana,
_c1963.
300 _a267 p. ;
_c19 cm.
500 _aIncluye referencias bibliográficas y notas al pie de las páginas.
700 1 2 _aCasal Castel, Alberto
_948193
049 _aBNGR
999 _c34246
_d34246